Environmental control in petroleum engineering / (Record no. 191)

000 -LEADER
fixed length control field 00589nam a2200205 a 4500
001 - CONTROL NUMBER
control field 191
003 - CONTROL NUMBER IDENTIFIER
control field BD-DhUET
008 - FIXED-LENGTH DATA ELEMENTS--GENERAL INFORMATION
fixed length control field 951222s1996 txua b 001 0 eng
020 ## - INTERNATIONAL STANDARD BOOK NUMBER
International Standard Book Number 0884152731
040 ## - CATALOGING SOURCE
Original cataloging agency DLC
Transcribing agency DLC
Modifying agency BD-DhUET
082 00 - DEWEY DECIMAL CLASSIFICATION NUMBER
Classification number 665.6
Item number REI/1996
100 1# - MAIN ENTRY--PERSONAL NAME
Personal name Reis, John C.
245 10 - TITLE STATEMENT
Title Environmental control in petroleum engineering /
Statement of responsibility, etc. by John C. Reis.
250 ## - EDITION STATEMENT
Edition statement Ist ed.
260 ## - PUBLICATION, DISTRIBUTION, ETC. (IMPRINT)
Place of publication, distribution, etc. Houston, Tex. :
Name of publisher, distributor, etc. Gulf Publ.,
Date of publication, distribution, etc. 1996.
300 ## - PHYSICAL DESCRIPTION
Extent x, 274 p. :
Other physical details ill. ;
Dimensions 24 cm.
504 ## - BIBLIOGRAPHY, ETC. NOTE
Bibliography, etc Includes bibliographies.
650 #0 - SUBJECT ADDED ENTRY--TOPICAL TERM
Topical term or geographic name as entry element Petroleum engineering-Environmental aspects
942 ## - ADDED ENTRY ELEMENTS (KOHA)
Koha item type General Book
Holdings
Source of classification or shelving scheme Shelving location Koha issues (times borrowed) Piece designation (barcode) Koha date last seen Koha normalized classification for sorting Koha item type Koha full call number Copy number Price effective from Date acquired Koha date last borrowed Damaged status Location (home branch) Sublocation or collection (holding branch) Withdrawn status Not for loan Lost status
 Circulation section11086462017-05-09665_000000000000000_6REI1996General Book665.6/REI/199612014-07-162014-07-162017-05-09 Central Library, BUETCentral Library, BUET   
 Circulation section21086842025-11-03665_000000000000000_6REI1996General Book665.6/REI/199622014-07-162014-07-162025-10-29 Central Library, BUETCentral Library, BUET   
 Circulation section271086852021-09-14665_000000000000000_6REI1996General Book665.6/REI/199632014-07-162014-07-162021-09-14 Central Library, BUETCentral Library, BUET